000 00476nam a2200133Ia 4500
008 100328s9999 xx 000 0 und d
082 _b44152
100 _aमथुरे सुरेश
245 _aविज्ञानाचे वाटाडे भाग 2
260 _bअनिरुध्द
630 _aविज्ञानाचे वाटाडे भाग 2
730 _aविज्ञानाचे वाटाडे भाग 2
942 _cBOOK
999 _c532449
_d532446